Weekdays in Czech - Statistics

General Stats
  • This quiz has been taken 229 times
  • The average score is 6 of 7
Answer Stats
Hint Answer % Correct
Cz Monday Pondělí
96%
Cz Saturday Sobota
94%
Cz Wednesday Středa
93%
Cz Tuesday Úterý
92%
Cz Friday Pátek
91%
Cz Thursday Čtvrtek
89%
Cz Sunday Neděle
89%
No matching quizzes found
Score Distribution
Percent of People with Each Score
Percentile by Number Answered
Your Score History
You have not taken this quiz